[Event "40. Turnaj sachovych nadeji - Pobeskydi Open"]
[Site "ND Frydek-Mistek, Czech Republic"]
[Date "2019.04.21"]
[Round "8"]
[White "Nezval, Filip"]
[Black "Matras, Ondrej"]
[Result "1/2-1/2"]
[WhiteElo "1830"]
[BlackElo "2221"]
[PlyCount "0"]
[EventDate "2019.04.18"]

1. d4 Nf6 2. c4 g6 3. Nc3 Bg7 4. Nf3 c5 5. d5 d6 6. e4 O-O 7. Be2 e6 8. Bg5 h6
9. Bh4 e5 10. O-O Na6 11. a3 Bd7 12. Nd2 Rb8 13. Qc2 Nc7 14. b4 b6 15. bxc5
bxc5 16. Rfb1 Na8 17. Rxb8 Qxb8 18. Rb1 Qc7 19. Qb3 g5 20. Bg3 Rc8 21. f3 Ne8
22. Be1 Bf6 23. Qb7 Nb6 24. Qxc7 Nxc7 25. g4 Rb8 26. Bd1 Na6 27. Be2 Bd8 28.
Nf1 Na4 29. Rxb8 Nxb8 30. Nxa4 Bxa4 31. Ne3 Bd7 32. Bd2 Kf8 33. Kf1 Na6 34. Bd1
Nc7 35. Bc2 Ne8 36. Ng2 Nf6 37. h4 Ng8 38. h5 Ke8 39. Ke1 Bc7 40. Kd1 Kd8 41.
Kc1 Kc8 42. Ne3 Kb7 43. Kb2 Ka6 44. Ka2 Nf6 45. Kb2 Bb6 46. Ka2 Bd8 47. Kb2 Ne8
48. Ka2 Nc7 49. Kb2 Na8 50. Ka2 Nb6 51. Kb2 Nc8 52. Ka2 Ne7 53. Kb2 Ba5 54.
Bxa5 Kxa5 55. Bb3 Ng8 56. Bc2 Nf6 57. Ka2 Ne8 58. Kb2 Nc7 59. Ka2 Na8 60. Kb2
Nb6 61. Bb3 Bc8 62. Ka2 Ka6 63. Kb2 Kb7 64. Kc2 a5 65. Kc3 Bd7 66. Bc2 Ka6 67.
Kb2 a4 68. Kc3 Ka5 69. Kb2 Na8 70. Kc3 Nc7 71. Bd1 Bc8 72. Bc2 Na8 73. Bd1 Nb6
74. Bc2 f6 75. Bd1 Bd7 76. Bc2 Na8 77. Bd1 Nc7 78. Bc2 Na6 1/2-1/2

[Event "40. Turnaj sachovych nadeji - Pobeskydi Open"]
[Site "ND Frydek-Mistek, Czech Republic"]
[Date "2019.04.22"]
[Round "9"]
[White "Adamczewski, Maciej"]
[Black "Burdalev, Kirill"]
[Result "0-1"]
[WhiteElo "2086"]
[BlackElo "2389"]
[PlyCount "0"]
[EventDate "2019.04.18"]

1. d4 d5 2. c4 c6 3. Nc3 Nf6 4. Nf3 dxc4 5. a4 Bf5 6. Ne5 Na6 7. f3 Nd7 8. Nxd7
Bxd7 9. e3 e5 10. Bxc4 exd4 11. exd4 Be7 12. O-O O-O 13. Be3 Nb4 14. Qb3 Bf5
15. Ne4 a5 16. Rfe1 Rb8 17. Ng3 Bc2 18. Qc3 b5 19. Bb3 Bxb3 20. Qxb3 Nd5 21.
Bf2 Qd7 22. axb5 Rxb5 23. Qc2 Rfb8 24. Rab1 a4 25. Ne4 Rb3 26. Nd2 R3b4 27. Nc4
Bf6 28. Ra1 Qa7 29. b3 Bxd4 30. Rxa4 Rxa4 31. bxa4 Nb4 32. Bxd4 Qxd4+ 33. Qf2
Qxc4 34. Qb6 Rf8 35. Re4 Qc1+ 36. Kf2 Nd3+ 37. Ke2 Qc2+ 38. Ke3 Qf2+ 0-1

[Event "40. Turnaj sachovych nadeji - Pobeskydi Open"]
[Site "ND Frydek-Mistek, Czech Republic"]
[Date "2019.04.22"]
[Round "9"]
[White "Walek, Petr"]
[Black "Barak, David"]
[Result "1-0"]
[WhiteElo "2241"]
[BlackElo "1979"]
[PlyCount "0"]
[EventDate "2019.04.18"]

1. e4 c6 2. d4 g6 3. Nc3 d5 4. e5 h5 5. h3 Nh6 6. Nf3 b6 7. Bf4 e6 8. Qd2 Nf5
9. O-O-O Ba6 10. Bxa6 Nxa6 11. g4 Ne7 12. Bg5 Qd7 13. Bf6 Rh6 14. Ne2 O-O-O 15.
Ng5 Qe8 16. Nf4 hxg4 17. hxg4 Rd7 18. Nh7 Ng8 19. Nxf8 Qxf8 20. Bg5 Rxh1 21.
Rxh1 Qg7 22. Qd3 Nc7 23. Qh3 f6 24. exf6 Nxf6 25. Qh8+ Ng8 26. Qxg7 Rxg7 27.
Rh8 Kb7 28. Bd8 Rf7 29. Rxg8 Rxf4 30. Rg7 Rxg4 31. Rxc7+ Kb8 32. Rxc6 1-0

[Event "40. Turnaj sachovych nadeji - Pobeskydi Open"]
[Site "ND Frydek-Mistek, Czech Republic"]
[Date "2019.04.22"]
[Round "9"]
[White "Havelka, Ondrej"]
[Black "Adamczewski, Jedrzej"]
[Result "1/2-1/2"]
[WhiteElo "2156"]
[BlackElo "1898"]
[PlyCount "0"]
[EventDate "2019.04.18"]

1. d4 Nf6 2. c4 g6 3. Nc3 Bg7 4. e4 d6 5. f3 O-O 6. Be3 a6 7. Nge2 Nbd7 8. Qd2
c5 9. d5 b5 10. cxb5 Qa5 11. Nc1 Nb6 12. Nb3 Qb4 13. Qc2 Nfd7 14. a3 Bxc3+ 15.
bxc3 Qa4 16. bxa6 Ne5 17. h4 Bxa6 18. Bxa6 Rxa6 19. O-O Nbc4 20. Bh6 Rb8 21.
Rab1 Rab6 22. Nd4 Qxc2 23. Rxb6 Qxg2+ 24. Kxg2 Rxb6 25. Nc6 Nxc6 26. dxc6 Rxc6
27. Rb1 f6 28. Rb8+ Kf7 29. Rh8 Nxa3 30. Rxh7+ Ke6 31. Rg7 Nb1 32. Rxg6 Rc8 33.
h5 Nxc3 34. Bg7 Na2 35. Kh3 Nb4 36. h6 Nd3 37. Rg1 c4 38. h7 c3 39. Bxf6 c2 40.
h8=Q Rxh8+ 1/2-1/2

[Event "40. Turnaj sachovych nadeji - Pobeskydi Open"]
[Site "ND Frydek-Mistek, Czech Republic"]
[Date "2019.04.22"]
[Round "9"]
[White "Petran, Peter"]
[Black "Zeleny, Tomas"]
[Result "1-0"]
[WhiteElo "2242"]
[BlackElo "1942"]
[PlyCount "0"]
[EventDate "2019.04.18"]

1. g3 c5 2. c4 Nc6 3. Bg2 g6 4. e3 Bg7 5. Nc3 e6 6. Nge2 Nge7 7. O-O O-O 8. d3
b6 9. e4 Rb8 10. a3 a6 11. a4 d6 12. Bd2 Bd7 13. Rb1 Nb4 14. Bg5 h6 15. Be3 e5
16. f4 f6 17. h4 Nec6 18. f5 g5 19. Kf2 Nd4 20. Rh1 b5 21. axb5 axb5 22. Bxd4
cxd4 23. Nxb5 Bxb5 24. cxb5 Qa5 25. hxg5 fxg5 26. Qb3+ Kh8 27. Rhd1 Qxb5 28.
Kg1 Rfc8 29. Rd2 Qa6 30. Qd1 g4 31. Bf1 h5 32. Nc1 Qb7 33. Rh2 Qf7 34. Qxg4 Kg8
35. Qxh5 Nc2 36. g4 Qxh5 37. Rxh5 Na3 38. Ra1 Rxb2 39. Ne2 Nb5 40. g5 Kf7 41.
Ng3 Rb8 42. Rh7 Rh8 43. g6+ 1-0

[Event "40. Turnaj sachovych nadeji - Pobeskydi Open"]
[Site "ND Frydek-Mistek, Czech Republic"]
[Date "2019.04.22"]
[Round "9"]
[White "Bakalarz, Mietek"]
[Black "Stalmach, Richard"]
[Result "1-0"]
[WhiteElo "2268"]
[BlackElo "1991"]
[PlyCount "0"]
[EventDate "2019.04.18"]

1. e4 c5 2. c3 Nf6 3. e5 Nd5 4. d4 cxd4 5. Nf3 Nc6 6. Bc4 e6 7. cxd4 d6 8. O-O
Be7 9. a3 O-O 10. Qe2 a6 11. Bd3 b5 12. Qc2 Qb6 13. Bxh7+ Kh8 14. Rd1 dxe5 15.
dxe5 Ncb4 16. axb4 Nxb4 17. Qe2 Kxh7 18. Bg5 Nc6 19. Bxe7 Nxe7 20. Ng5+ Kh6 21.
Ra3 g6 22. Rh3+ Kxg5 23. Qd2+ Kf5 24. Rf3+ Kg4 25. Qf4+ Kh5 26. Rh3# 1-0

[Event "40. Turnaj sachovych nadeji - Pobeskydi Open"]
[Site "ND Frydek-Mistek, Czech Republic"]
[Date "2019.04.22"]
[Round "9"]
[White "Mica, Marek"]
[Black "Horak, Jan"]
[Result "1-0"]
[WhiteElo "2139"]
[BlackElo "2158"]
[PlyCount "0"]
[EventDate "2019.04.18"]

1. d4 d5 2. c4 c6 3. Nc3 Nf6 4. Nf3 e6 5. Bg5 dxc4 6. e4 b5 7. e5 h6 8. Bh4 g5
9. Nxg5 hxg5 10. Bxg5 Be7 11. exf6 Bxf6 12. Bxf6 Qxf6 13. g3 Na6 14. Bg2 Nb4
15. O-O Nd5 16. a4 b4 17. Ne4 Qh6 18. h4 a5 19. Nd6+ Ke7 20. Nxc4 Ba6 21. b3
Rag8 22. Qf3 f5 23. Rfe1 f4 24. Nxa5 fxg3 25. fxg3 Rf8 26. Qe4 Rhg8 27. Nxc6+
Kd6 28. Qe5+ Kxc6 29. Qxe6+ Qxe6 30. Rxe6+ Kd7 31. Rxa6 Ne3 32. Ra7+ Kd6 33.
Rc1 1-0

[Event "40. Turnaj sachovych nadeji - Pobeskydi Open"]
[Site "ND Frydek-Mistek, Czech Republic"]
[Date "2019.04.22"]
[Round "9"]
[White "Pilch, Roman"]
[Black "Vojta, Jakub"]
[Result "0-1"]
[WhiteElo "2148"]
[BlackElo "2094"]
[PlyCount "0"]
[EventDate "2019.04.18"]

1. a3 c5 2. g3 d5 3. Bg2 Nf6 4. Nf3 b6 5. d3 Bb7 6. b3 Nc6 7. Bb2 d4 8. e4 e5
9. Nbd2 Be7 10. Qe2 Qc7 11. Nh4 g6 12. Bh3 h5 13. Rf1 Ng4 14. Nhf3 O-O-O 15.
Nxe5 Ncxe5 16. f3 f5 17. exf5 Ne3 18. f6+ Kb8 19. fxe7 Rde8 20. Ne4 Nxf1 21.
Bxf1 Rxe7 22. Bc1 Rf8 23. Bf4 g5 24. Bxe5 Qxe5 25. Bg2 h4 26. Kd2 hxg3 27. hxg3
Rh8 28. Rg1 Rh2 29. Qf2 Rf7 30. Rh1 Rxh1 31. Bxh1 Bxe4 32. f4 Bxh1 0-1

[Event "40. Turnaj sachovych nadeji - Pobeskydi Open"]
[Site "ND Frydek-Mistek, Czech Republic"]
[Date "2019.04.22"]
[Round "9"]
[White "Laurincova, Kristyna"]
[Black "Seddaoui, Yamine"]
[Result "0-1"]
[WhiteElo "2014"]
[BlackElo "2158"]
[PlyCount "0"]
[EventDate "2019.04.18"]

1. e4 d6 2. d4 Nf6 3. Nc3 Nbd7 4. f4 e5 5. Nf3 exd4 6. Nxd4 g6 7. Be2 Bg7 8.
Bf3 O-O 9. Nb3 Re8 10. O-O Nb6 11. g4 Be6 12. Kh1 c6 13. g5 Nh5 14. Bxh5 gxh5
15. Qxh5 Bc4 16. Re1 Nd5 17. Bd2 Nb4 18. Rac1 d5 19. e5 Qd7 20. Ne4 dxe4 21.
Bxb4 Qf5 22. Qh4 Rad8 23. Qg3 b6 24. Nd2 Bd5 25. Qe3 c5 26. Bc3 Bf8 27. b3 c4
28. b4 Rd7 29. Re2 Bb7 30. Nxe4 Bxb4 31. Bxb4 a5 32. Bc3 Red8 33. Rce1 b5 34.
Kg1 Rd1 35. Nd6 Qg4+ 36. Kf1 Rxe1+ 37. Bxe1 Bf3 38. Bg3 Bxe2+ 39. Qxe2 Qe6 40.
Qe4 c3 41. a3 b4 42. axb4 a4 43. Qb7 a3 44. Qa7 a2 45. f5 Qd5 46. Kf2 Ra8 47.
e6 Rxa7 0-1

[Event "40. Turnaj sachovych nadeji - Pobeskydi Open"]
[Site "ND Frydek-Mistek, Czech Republic"]
[Date "2019.04.22"]
[Round "9"]
[White "Jirousek, Tadeas"]
[Black "Miculka, Petr"]
[Result "0-1"]
[WhiteElo "1834"]
[BlackElo "2041"]
[PlyCount "0"]
[EventDate "2019.04.18"]

1. e4 c5 2. Nf3 Nc6 3. d4 cxd4 4. Nxd4 Nf6 5. Nc3 e5 6. Nb3 Bb4 7. Bd3 d5 8.
exd5 Nxd5 9. Bd2 O-O 10. Nxd5 Qxd5 11. O-O Bd6 12. Re1 Bc7 13. Qh5 f5 14. Rad1
g6 15. Qg5 Bd8 16. Qh6 Bf6 17. Bc3 Qf7 18. Qh3 Re8 19. Rd2 a6 20. a4 Be6 21.
Nc5 Bd5 22. Red1 Rad8 23. b4 Bg5 24. Re2 e4 25. b5 exd3 26. Rxe8+ Rxe8 27. Qxd3
Bc4 28. Qg3 Be7 29. Rd7 axb5 30. axb5 Bxb5 31. Nxb7 Qe6 32. Nc5 Bxc5 33. Rg7+
Kf8 0-1

[Event "40. Turnaj sachovych nadeji - Pobeskydi Open"]
[Site "ND Frydek-Mistek, Czech Republic"]
[Date "2019.04.22"]
[Round "9"]
[White "Trybus, Daniel"]
[Black "Kolasin, Jan"]
[Result "0-1"]
[WhiteElo "1998"]
[BlackElo "2036"]
[PlyCount "0"]
[EventDate "2019.04.18"]

1. e4 e6 2. d4 d5 3. Nc3 Bb4 4. exd5 exd5 5. Bd3 c6 6. Nf3 Bg4 7. O-O Ne7 8.
Ne2 Bxf3 9. gxf3 Ng6 10. Ng3 O-O 11. f4 Qh4 12. Qf3 Nd7 13. Kh1 Nf6 14. Rg1 Ng4
15. Rg2 Qh3 16. f5 Nh4 0-1

[Event "40. Turnaj sachovych nadeji - Pobeskydi Open"]
[Site "ND Frydek-Mistek, Czech Republic"]
[Date "2019.04.22"]
[Round "9"]
[White "Karwacki, Piotr"]
[Black "Mrazik, Tomas"]
[Result "1/2-1/2"]
[WhiteElo "1771"]
[BlackElo "1991"]
[PlyCount "0"]
[EventDate "2019.04.18"]

1. e4 c5 2. Nf3 g6 3. d4 cxd4 4. Nxd4 Nc6 5. c4 Bg7 6. Nc2 Nf6 7. Nc3 d6 8. Be2
O-O 9. Be3 Be6 10. h3 Rc8 11. Rc1 a6 12. Na3 Ne5 13. Qa4 Nxc4 14. Bxc4 Bxc4 15.
Nxc4 b5 16. Nxb5 axb5 17. Qxb5 Nxe4 18. O-O d5 19. Bb6 Rb8 20. Qc6 Rc8 21. Qb5
Rb8 22. Qc6 Rc8 1/2-1/2

[Event "40. Turnaj sachovych nadeji - Pobeskydi Open"]
[Site "ND Frydek-Mistek, Czech Republic"]
[Date "2019.04.22"]
[Round "9"]
[White "Kostecki, Samuel"]
[Black "Nguyen, Thai Dai Vinh"]
[Result "1/2-1/2"]
[WhiteElo "1598"]
[BlackElo "1956"]
[PlyCount "0"]
[EventDate "2019.04.18"]

1. e4 c5 2. Nf3 d6 3. d4 cxd4 4. Nxd4 Nf6 5. Nc3 a6 6. Be3 e5 7. Nb3 Be6 8. Qd2
Nbd7 9. f3 h5 10. O-O-O Be7 11. Be2 Rc8 12. Rhg1 Nb6 13. f4 Ng4 14. f5 Nxe3 15.
fxe6 fxe6 16. Rde1 Bg5 17. Kb1 Nxg2 18. Bb5+ axb5 19. Qxg2 Bf6 20. Qg6+ Ke7 21.
Nxb5 Qe8 22. Qxe8+ Rhxe8 23. Re3 Nc4 24. Rd3 Red8 25. Rgd1 g5 26. Nc1 Rc5 27.
a4 Rc6 28. Na2 Nb6 29. Nac3 g4 30. b3 Nc8 31. Ne2 Rc5 32. c4 Rc6 33. Ng3 Rh8
34. Rf1 Bg5 35. Ne2 Rc5 36. Rfd1 Rd8 37. h3 gxh3 38. Rxh3 h4 39. Nec3 Nb6 40.
Rhd3 Nc8 41. Rg1 Bf6 42. Rf3 Rf8 43. Rd3 Rd8 44. Rgd1 1/2-1/2

[Event "40. Turnaj sachovych nadeji - Pobeskydi Open"]
[Site "ND Frydek-Mistek, Czech Republic"]
[Date "2019.04.22"]
[Round "9"]
[White "Matras, Ondrej"]
[Black "Broz, Petr"]
[Result "1/2-1/2"]
[WhiteElo "2221"]
[BlackElo "1805"]
[PlyCount "0"]
[EventDate "2019.04.18"]

1. d4 Nf6 2. c4 g6 3. f3 Bg7 4. e4 d6 5. Nc3 O-O 6. Be3 a6 7. Qd2 Nc6 8. Nge2
Rb8 9. Rc1 Bd7 10. d5 Ne5 11. Nd4 c5 12. dxc6 bxc6 13. Be2 c5 14. Nb3 a5 15.
Na1 Qb6 16. b3 a4 17. O-O axb3 18. axb3 Nc6 19. Rb1 Nd4 20. b4 cxb4 21. Qxd4
Qxd4 22. Bxd4 bxc3 23. Bxc3 Be6 24. Nc2 Nd7 25. Bxg7 Kxg7 26. Nd4 Kf6 27. Rxb8
Rxb8 28. f4 Rc8 29. Nxe6 Kxe6 30. Re1 Kf6 31. Bg4 e6 32. Be2 Nb6 33. Rc1 Rc5
34. Kf2 d5 35. Ke3 dxc4 36. Kd4 Ra5 37. Rc2 Ra1 38. Bxc4 Nxc4 39. Kxc4 e5 40.
Rf2 exf4 41. Rxf4+ Ke6 42. Rf2 Rd1 43. Kc3 f6 44. Rd2 Rh1 45. h3 Ke5 46. Rd7 h5
47. Re7+ Kf4 48. Re6 Kg5 49. e5 f5 50. Ra6 Re1 51. Kd4 Re2 52. g3 Re4+ 53. Kd5
h4 54. g4 Re3 55. gxf5 Kxf5 56. Rf6+ Kg5 57. Ke6 Rxh3 58. Kf7 Re3 59. Rxg6+ Kh5
60. e6 h3 61. Rg7 Kh4 62. e7 Rxe7+ 63. Kxe7 h2 64. Kf6 Kh3 65. Kf5 h1=Q 66.
Rh7+ Kg2 67. Rxh1 Kxh1 1/2-1/2

[Event "40. Turnaj sachovych nadeji - Pobeskydi Open"]
[Site "ND Frydek-Mistek, Czech Republic"]
[Date "2019.04.22"]
[Round "9"]
[White "Shilov, Sergej"]
[Black "Novacek, Pavel"]
[Result "1-0"]
[WhiteElo "2158"]
[BlackElo "1934"]
[PlyCount "0"]
[EventDate "2019.04.18"]

1. e4 Nc6 2. Nf3 d6 3. d4 Bg4 4. d5 Nb8 5. h3 Bh5 6. c4 Nf6 7. Nc3 Nbd7 8. Be2
Bg6 9. Qd4 c5 10. Qe3 a6 11. Nh4 Qc7 12. f4 h6 13. Nxg6 fxg6 14. Qg3 g5 15. e5
dxe5 16. fxg5 hxg5 17. Bxg5 O-O-O 18. O-O Kb8 19. a3 Nh5 20. Bxh5 Rxh5 21. Qg4
Rh8 22. Qe6 Nf6 23. Rae1 Rh5 24. Qxe5 Qxe5 25. Rxe5 Nd7 26. Bxe7 Rxe5 27. Bxd8
Kc8 28. Bh4 g5 29. Bg3 Re3 30. Kf2 Re7 31. Re1 Rf7+ 32. Ke2 Bg7 33. Kd3 Kd8 34.
Ne4 Re7 35. b3 Ne5+ 36. Bxe5 Rxe5 37. Rf1 b6 38. Rf7 Re7 39. Rxe7 Kxe7 40. Nxg5
Bb2 41. h4 Kf6 42. Ne6 Be5 43. Ke4 Bg3 44. Kf3 Bd6 45. g4 Bb8 46. a4 Bd6 47. h5
Bb8 48. Ke4 Bd6 49. g5+ Kf7 50. Kf5 Bb8 51. g6+ Kg8 52. h6 Bg3 53. Ng5 Bh4 1-0